Altazor

I tiakina i:
Ngā taipitopito rārangi puna kōrero
Ngā kaituhi matua: Huidobro, Vicente 1893-1948 (García-Huidobro Fernández, Vicente) (autor), Goic, Cedomil (Author)
Hōputu: Pukapuka
Reo:Pāniora
I whakaputaina: Valparaíso Universitarias de Valparaíso 1974
Rangatū:Aula Media, 4
Ngā marau:
Ngā Tūtohu: Tāpirihia he Tūtohu
Kāore He Tūtohu, Me noho koe te mea tuatahi ki te tūtohu i tēnei pūkete!

MARC

LEADER 00000cam a2200000 a 4500
001 UCV7830
003 CL-VaPUC
008 891025e19740000CL |||||||||||||||||spa|d
082 0 4 |a Ch861  |b HUI  |2 21 
100 |a Huidobro, Vicente   |e autor  |d 1893-1948  |q (García-Huidobro Fernández, Vicente)  |9 505141 
700 |a Goic, Cedomil  |e author  |9 570265 
245 1 0 |a Altazor 
300 |a 93 p 
942 |c BK 
945 |d 19891025 00:00:00  |a oaravena 
260 |a Valparaíso  |b Universitarias de Valparaíso  |c 1974 
650 0 |a Poesías chilenas   |9 265280 
583 |a last modification  |c 20140814 11:46:06  |k Rodrigo Vera 
490 0 |a Aula Media, 4 
999 |c 213447  |d 213445 
952 |0 0  |1 0  |4 0  |6 CH_861_000000000000000_HUI_1974  |7 0  |8 P  |9 195820  |a BIBARQ  |b BIBARQ  |d 2019-11-14  |i 2638193  |o Ch861 HUI 1974  |p 2638193  |r 2025-01-20  |w 2019-11-14  |y BK  |k ARQ 
952 |0 0  |1 0  |4 0  |6 CH_861_000000000000000_HUI_1974  |7 0  |8 P  |9 195821  |a BIBARQ  |b BIBARQ  |d 2019-11-14  |i 3015211  |o Ch861 HUI 1974  |p 3015211  |r 2025-01-20  |w 2019-11-14  |y BK  |k ARQ 
952 |0 0  |1 0  |4 0  |6 CH_861_000000000000000_HUI_1974  |7 0  |8 A  |9 195822  |a BIBEDU  |b BIBEDU  |d 2019-11-14  |i 1563645  |l 4  |o Ch861 HUI 1974  |p 1563645  |r 2023-09-28  |s 2023-09-28  |w 2019-11-14  |y BK  |k FIL 
952 |0 0  |1 0  |3 erb  |4 0  |6 CH_861_000000000000000_HUI_1974  |7 0  |8 A  |9 195824  |a BIBEDU  |b BIBEDU  |i 5006988  |l 4  |m 2  |o Ch861 HUI 1974  |p 5006988  |r 2023-09-28  |s 2023-09-28  |w 2019-11-14  |y BK  |z Catalogado en:20140814  |k LIT